[Event "GER-chT U14"]
[Site "Verden"]
[Date "2015.12.29"]
[Round "5.4"]
[White "Rothenberg, Jannik"]
[Black "Richardt, Josia"]
[Result "1-0"]
[WhiteElo "1430"]
[BlackElo "1246"]
[PlyCount "113"]
[EventDate "2015.12.27"]
[EventType "team-swiss"]
[EventRounds "7"]
[EventCountry "GER"]
[SourceTitle "EXT 2017"]
[Source "ChessBase"]
[SourceDate "2016.10.25"]
[SourceVersion "1"]
[SourceVersionDate "2016.10.25"]
[SourceQuality "1"]
[WhiteTeam "Uelzen Post"]
[BlackTeam "Erlangen"]
[WhiteTeamCountry "GER"]
[BlackTeamCountry "GER"]

1. d4 e6 2. c4 Bb4+ 3. Bd2 Qe7 4. Qc2 f5 5. Nf3 b6 6. a3 Bxd2+ 7. Nbxd2 d6 8. 0-0-0 Bb7 9. e4 fxe4 10. Nxe4 Nf6 11. Bd3 Nbd7 12. Rhe1 0-0 13. Nxf6+ Nxf6 14. Ng5 Bc8 15. Bxh7+ Kh8 16. Bf5 Ne4 17. Qxe4 Qxg5+ 18. f4 Qxf5 19. Qxa8 Qxf4+ 20. Kb1 a5 21. Qc6 Qf7 22. c5 bxc5 23. dxc5 d5 24. Qb5 Qf5+ 25. Ka1 Qc2 26. Rf1 Rd8 27. Qxa5 Qxg2 28. Qxc7 Rg8 29. Qe5 Qg6 30. Rg1 Qh6 31. Rg5 Rf8 32. Rh5 Qxh5 33. Qxh5+ Kg8 34. Qg5 Rf5 35. Qg3 Rf8 36. Rg1 Rf7 37. h4 Kf8 38. Qg2 Ke8 39. Rf1 Re7 40. Qg6+ Kd8 41. Rf8+ Kd7 42. Rf7 Rxf7 43. Qxf7+ Kc6 44. Qxg7 Ba6 45. b4 Be2 46. Qe5 Bg4 47. h5 Bf5 48. h6 Kb5 49. Qxf5 exf5 50. h7 f4 51. h8Q f3 52. Qf6 f2 53. Kb2 f1Q 54. Qxf1+ Kc6 55. Qf6+ Kb5 56. Kb3 d4 57. Qb6# 1-0

[Event "GER-chT U14"]
[Site "Verden"]
[Date "2015.12.28"]
[Round "3.4"]
[White "Ruehl, Alexander"]
[Black "Richardt, Josia"]
[Result "0-1"]
[WhiteElo "1345"]
[BlackElo "1246"]
[PlyCount "48"]
[EventDate "2015.12.27"]
[EventType "team-swiss"]
[EventRounds "7"]
[EventCountry "GER"]
[SourceTitle "EXT 2017"]
[Source "ChessBase"]
[SourceDate "2016.10.25"]
[SourceVersion "1"]
[SourceVersionDate "2016.10.25"]
[SourceQuality "1"]
[WhiteTeam "Landskrone"]
[BlackTeam "Erlangen"]
[WhiteTeamCountry "GER"]
[BlackTeamCountry "GER"]

1. e4 e5 2. Nf3 Nc6 3. Bc4 Bc5 4. c3 Nf6 5. d4 exd4 6. cxd4 Bb4+ 7. Bd2 Bxd2+ 8. Nbxd2 d5 9. exd5 Nxd5 10. 0-0 0-0 11. Re1 Bg4 12. h3 Bh5 13. Rc1 Nxd4 14. Bxd5 Qxd5 15. Rxc7 Rab8 16. Ree7 Nxf3+ 17. gxf3 Rfe8 18. Red7 Qg5+ 19. Kh1 Qb5 20. Qc2 Re1+ 21. Kh2 Qe5+ 22. f4 Qxf4+ 23. Kg2 Qg5+ 24. Kh2 Qg1# 0-1

[Event "GER-ch U10"]
[Site "Oberhof"]
[Date "2013.05.19"]
[Round "2"]
[White "Richardt, Josia"]
[Black "Kublanov, Elizabeth"]
[Result "0-1"]
[WhiteElo "1205"]
[BlackElo "1103"]
[PlyCount "64"]
[EventDate "2013.05.19"]
[EventType "swiss"]
[EventRounds "11"]
[EventCountry "GER"]
[SourceTitle "CBM 154 Extra"]
[Source "ChessBase"]
[SourceDate "2013.06.25"]
[SourceVersion "2"]
[SourceVersionDate "2013.06.25"]
[SourceQuality "1"]

1. e4 e5 2. Nf3 Nc6 3. Bc4 Nf6 4. d3 d5 5. exd5 Nxd5 6. 0-0 Bc5 7. h3 Qd6 8. Re1 0-0 9. Bd2 Re8 10. Re2 Bf5 11. Qe1 Nd4 12. Nxd4 Bxd4 13. c3 Bb6 14. b4 c6 15. a4 a5 16. b5 Rad8 17. d4 Re7 18. dxe5 Qg6 19. Bxd5 Rxd5 20. Be3 Rdxe5 21. Kf1 Bd3 22. Na3 Qf5 23. Kg1 Bxe2 24. Qxe2 Bxe3 25. fxe3 Rxe3 26. Qd2 Rd3 27. Qc1 Qg6 28. Qf4 h6 29. Kh1 Re2 30. Rg1 Rg3 31. Qf1 Qe4 32. bxc6 Rxh3# 0-1